000
00340 a2200157 4500
001
169640
020
_a
040
_c
Magnum
100
_a
Lucchetti, Rubens Francisco
240
1
0
_a
O fantasma do tio william
_l
por
245
1
0
_a
O fantasma do tio william
362
0
_a
1899
440
1
_a
Ática
697
_a
J/SUSPENSE
942
_c
BK
999
_c
169640
_d
169640